[Event "Daventry 4NCL Easter op"]
[Site "Daventry"]
[Date "2025.04.20"]
[Round "5"]
[White "Ansari, Athar"]
[Black "Hadi, Justin"]
[Result "1-0"]
[WhiteElo "1952"]
[BlackElo "1949"]
[PlyCount "97"]
[EventDate "2025.04.18"]
[EventType "swiss"]
[EventRounds "7"]
[EventCountry "ENG"]
[SourceTitle "CB17_2025"]
[SourceDate "2025.04.23"]
[SourceVersion "1"]
[SourceVersionDate "2025.04.23"]
[SourceQuality "1"]

1. d4 d5 2. Nf3 Nf6 3. Bf4 c5 4. e3 Nc6 5. c3 Bf5 6. Qa4 c4 7. Nbd2 Qa5 8. Qxa5 Nxa5 9. Be2 e6 10. Nh4 Bg4 11. Bxg4 Nxg4 12. e4 Be7 13. Nhf3 Nf6 14. exd5 exd5 15. 0-0 0-0 16. Rfe1 Rfe8 17. Re3 Nc6 18. Rae1 b5 19. Bg5 Kf8 20. Ne5 Nxe5 21. Rxe5 h6 22. Bh4 Ng8 23. Bxe7+ Rxe7 24. Kf1 Rd7 25. b3 Ne7 26. Rb1 Nc6 27. Re3 a6 28. bxc4 dxc4 29. a3 Ne7 30. Ne4 Nd5 31. Rf3 Re8 32. Nc5 Rd6 33. a4 Rb8 34. axb5 axb5 35. Ne4 Re6 36. Rf5 Nc7 37. f3 Reb6 38. Nc5 Rd6 39. Ra1 Nd5 40. Kf2 g6 41. Re5 Nxc3 42. Ra7 Re8 43. Nd7+ Rxd7 44. Rxd7 Rxe5 45. dxe5 b4 46. Rb7 b3 47. Ke1 Na2 48. Kd1 c3 49. Rxb3 1-0

[Event "British Rapidplay"]
[Site "Peterborough"]
[Date "2025.03.02"]
[Round "9"]
[White "Ansari, Athar"]
[Black "Baer, Bruce L"]
[Result "0-1"]
[WhiteElo "1954"]
[BlackElo "1976"]
[PlyCount "88"]
[EventDate "2025.03.01"]
[EventType "swiss (rapid)"]
[EventRounds "11"]
[EventCountry "ENG"]
[SourceTitle "CB10_2025"]
[SourceDate "2025.03.05"]
[SourceVersion "1"]
[SourceVersionDate "2025.03.05"]
[SourceQuality "1"]

1. d4 g6 2. Nf3 d6 3. Bf4 Bg7 4. e3 Nd7 5. Be2 e5 6. Bg3 Qe7 7. c3 Ngf6 8. 0-0 Ne4 9. dxe5 dxe5 10. Qa4 Nxg3 11. hxg3 0-0 12. Nbd2 Kh8 13. e4 Nc5 14. Qc2 a5 15. Nb3 Ne6 16. Rad1 f6 17. Rd2 Bh6 18. Rdd1 Bd7 19. Rfe1 Bc6 20. Bc4 a4 21. Nc1 Bd7 22. a3 b5 23. Bd5 c6 24. Ba2 Nc5 25. Nd3 Bg4 26. Nxc5 Qxc5 27. Rd3 f5 28. Be6 fxe4 29. Bxg4 exd3 30. Qxd3 Rae8 31. Re4 Re7 32. Qe2 Rfe8 33. Ne1 Qd5 34. Nd3 Qd6 35. Bf3 Bg7 36. Rh4 c5 37. Be4 Bf6 38. Rh3 Kg7 39. Ne1 Rd8 40. Qxb5 Qd1 41. Kf1 Qc1 42. Bd3 Bg5 43. Be2 Bd2 44. Bg4 Qxe1# 0-1

[Event "ENG-ch Chessable"]
[Site "Kenilworth"]
[Date "2023.05.27"]
[Round "4"]
[White "Ansari, Athar"]
[Black "Bradbury, Neil H"]
[Result "0-1"]
[WhiteElo "1886"]
[BlackElo "2215"]
[PlyCount "106"]
[EventDate "2023.05.26"]
[EventType "swiss"]
[EventRounds "7"]
[EventCountry "ENG"]
[SourceTitle "CBM 214 Extra"]
[Source "ChessBase"]
[SourceDate "2023.07.31"]
[SourceVersion "1"]
[SourceVersionDate "2023.07.31"]
[SourceQuality "1"]

1. d4 Nf6 2. Nf3 b6 3. Bf4 Bb7 4. e3 c5 5. Be2 g6 6. 0-0 Bg7 7. Nbd2 0-0 8. c3 d6 9. Rc1 Nbd7 10. b4 Nd5 11. bxc5 Nxf4 12. exf4 bxc5 13. Rb1 Qc7 14. Re1 Nb6 15. Nb3 Rac8 16. Rc1 Nd5 17. g3 cxd4 18. cxd4 Nc3 19. Qd2 Nxe2+ 20. Qxe2 Qd7 21. Nbd2 e6 22. Qe3 Bd5 23. Qa3 Qb7 24. Rb1 Qa8 25. Rec1 Rfd8 26. Kf1 a5 27. Rc3 Rxc3 28. Qxc3 Qa6+ 29. Kg1 Rc8 30. Qa3 Bf6 31. Re1 Rc2 32. Ne4 Be7 33. Qa4 Qc6 34. Qxc6 Bxc6 35. a3 Ra2 36. d5 Bb7 37. dxe6 fxe6 38. Re3 d5 39. Neg5 Bxg5 40. fxg5 d4 41. Rb3 Ra1+ 42. Kg2 Bd5 43. Rd3 e5 44. Kh3 e4 45. Rxd4 Be6+ 46. Kh4 exf3 47. Rd3 a4 48. Rxf3 Bb3 49. Rc3 Rxa3 50. f4 Ra2 51. g4 Rxh2+ 52. Kg3 Rc2 53. Rd3 Bc4 0-1

[Event "Telford 4NCL op 22nd"]
[Site "Telford"]
[Date "2019.07.20"]
[Round "3"]
[White "Ansari, Athar"]
[Black "Ireland, David J"]
[Result "0-1"]
[WhiteElo "1911"]
[BlackElo "1966"]
[PlyCount "40"]
[EventDate "2019.07.19"]
[EventType "swiss"]
[EventRounds "5"]
[EventCountry "ENG"]
[SourceTitle "EXT 2020"]
[Source "ChessBase"]
[SourceDate "2019.10.17"]
[SourceVersion "1"]
[SourceVersionDate "2019.10.17"]
[SourceQuality "1"]

1. g3 e5 2. Bg2 Nc6 3. e3 Nf6 4. d3 d5 5. Ne2 Be6 6. 0-0 Qd7 7. b3 Bd6 8. Nd2 Bh3 9. e4 0-0-0 10. exd5 Bxg2 11. Kxg2 Nxd5 12. Nc4 h5 13. Nxd6+ Qxd6 14. Bb2 h4 15. Nc3 Qe6 16. Rh1 Nd4 17. Ne2 hxg3 18. hxg3 Rxh1 19. Qxh1 Nxe2 20. Qe1 Nd4 0-1

[Event "Stevenage 4NCL Easter op"]
[Site "Stevenage"]
[Date "2019.04.20"]
[Round "3"]
[White "Miller, Dominic"]
[Black "Ansari, Athar"]
[Result "1-0"]
[WhiteElo "2164"]
[BlackElo "1934"]
[PlyCount "96"]
[EventDate "2019.04.19"]
[EventType "swiss"]
[EventRounds "7"]
[EventCountry "ENG"]
[SourceTitle "CBM 189 Extra"]
[Source "ChessBase"]
[SourceDate "2019.05.31"]
[SourceVersion "1"]
[SourceVersionDate "2019.05.31"]
[SourceQuality "1"]

1. e4 d5 2. exd5 Qxd5 3. Nc3 Qa5 4. d4 Nf6 5. Bc4 c6 6. Bd2 Qc7 7. Nf3 Bg4 8. h3 Bxf3 9. Qxf3 e6 10. 0-0-0 Nbd7 11. Rhe1 0-0-0 12. Kb1 Nb6 13. Bf4 Bd6 14. Bxd6 Rxd6 15. Bb3 Rhd8 16. Ne2 c5 17. c3 c4 18. Bc2 Nbd5 19. Ng3 Qa5 20. Be4 Ra6 21. a3 Rb6 22. Kc1 Rb3 23. Bxd5 Rxd5 24. Ne4 Qb6 25. Rd2 Rdb5 26. a4 Nxe4 27. Qxe4 Ra5 28. Qxh7 Rxa4 29. Qg8+ Qd8 30. Qxd8+ Kxd8 31. Re5 Ra1+ 32. Kc2 Ra2 33. Kb1 Ra6 34. d5 Rd6 35. Rd4 b5 36. dxe6 Rxd4 37. exf7 Rf4 38. Re8+ Kc7 39. f8Q Rxf8 40. Rxf8 a5 41. Rf7+ Kb6 42. Rxg7 a4 43. Rg6+ Kc5 44. Ra6 Kd5 45. Kc2 b4 46. Ra5+ Ke6 47. Rxa4 bxc3 48. bxc3 Kd5 1-0

[Event "Coventry Warwickshire op"]
[Site "Coventry"]
[Date "2019.02.23"]
[Round "2"]
[White "Ireland, David J"]
[Black "Ansari, Athar"]
[Result "0-1"]
[WhiteElo "1931"]
[BlackElo "1909"]
[PlyCount "41"]
[EventDate "2019.02.22"]
[EventType "swiss"]
[EventRounds "5"]
[EventCountry "ENG"]
[SourceTitle "CBM 189 Extra"]
[Source "ChessBase"]
[SourceDate "2019.05.31"]
[SourceVersion "1"]
[SourceVersionDate "2019.05.31"]
[SourceQuality "1"]

1. e4 d5 2. exd5 Qxd5 3. Nc3 Qa5 4. Bc4 Nf6 5. d3 c6 6. Bd2 Qc7 7. Qe2 Bf5 8. h3 e6 9. g4 Bg6 10. f4 Be7 11. Nf3 b5 12. Bb3 a5 13. a4 bxa4 14. Bxa4 0-0 15. Ne5 Nd5 16. h4 h6 17. Nxg6 fxg6 18. Qxe6+ Kh7 19. Nxd5 cxd5 20. h5 g5 21. 0-0-0 0-1

[Event "Telford 4NCL U2050 op"]
[Site "Telford"]
[Date "2018.11.03"]
[Round "7"]
[White "Ansari, Athar"]
[Black "Somton, Anita"]
[Result "0-1"]
[WhiteElo "1888"]
[BlackElo "1787"]
[PlyCount "50"]
[EventDate "2018.10.31"]
[EventType "swiss"]
[EventRounds "9"]
[EventCountry "ENG"]
[SourceTitle "EXT 2021"]
[Source "ChessBase"]
[SourceDate "2020.10.23"]
[SourceVersion "1"]
[SourceVersionDate "2020.10.23"]
[SourceQuality "1"]

1. e4 c6 2. d4 d5 3. Nc3 dxe4 4. Nxe4 Bf5 5. Ng3 Bg6 6. Nf3 Nd7 7. Be2 e6 8. 0-0 Bd6 9. Nd2 Ngf6 10. f4 0-0 11. Nc4 Bc7 12. Ne5 Nxe5 13. fxe5 Nd5 14. c3 c5 15. Bf3 cxd4 16. cxd4 Bb6 17. Be4 Rc8 18. Bxg6 fxg6 19. Rxf8+ Qxf8 20. Qg4 Rc2 21. Ne2 h5 22. Qxe6+ Kh7 23. Qxd5 Rxe2 24. Be3 Rxe3 25. Qc4 Rxe5 0-1

[Event "Telford 4NCL U2050 op"]
[Site "Telford"]
[Date "2018.11.02"]
[Round "4"]
[White "Ansari, Athar"]
[Black "De Coverly, Roger D"]
[Result "1/2-1/2"]
[WhiteElo "1888"]
[BlackElo "1946"]
[PlyCount "90"]
[EventDate "2018.10.31"]
[EventType "swiss"]
[EventRounds "9"]
[EventCountry "ENG"]
[SourceTitle "CBM 187 Extra"]
[Source "ChessBase"]
[SourceDate "2018.11.04"]
[SourceVersion "1"]
[SourceVersionDate "2018.11.04"]
[SourceQuality "1"]

1. d4 Nf6 2. Bf4 c5 3. c3 b6 4. Nf3 Bb7 5. e3 g6 6. Bd3 Bg7 7. Nbd2 0-0 8. e4 d6 9. Qe2 cxd4 10. cxd4 Nc6 11. a3 Nh5 12. Be3 e5 13. d5 Nd4 14. Qd1 Rc8 15. 0-0 Qd7 16. Bxd4 exd4 17. Nb3 Nf4 18. Nfxd4 Nxd3 19. Qxd3 Qa4 20. Rfd1 Ba6 21. Qe3 Rc4 22. Rac1 Rfc8 23. Rxc4 Rxc4 24. f3 h5 25. Rd2 Bxd4 26. Rxd4 Rxd4 27. Nxd4 Qd1+ 28. Kf2 h4 29. Ne2 Qc2 30. b4 Bd3 31. e5 Qxe2+ 32. Qxe2 Bxe2 33. Kxe2 dxe5 34. Ke3 f5 35. g4 Kf7 36. gxf5 gxf5 37. Kf2 Ke7 38. Kg2 Kd6 39. Kh3 Kxd5 40. Kxh4 e4 41. fxe4+ Kxe4 42. Kg3 Ke3 43. Kg2 Ke2 44. Kg3 Ke3 45. Kg2 Ke2 1/2-1/2

[Event "Gibraltar Masters 16th"]
[Site "Caleta"]
[Date "2018.01.28"]
[Round "6"]
[White "Bryant, Richard BE"]
[Black "Ansari, Athar"]
[Result "1-0"]
[WhiteElo "2016"]
[BlackElo "1919"]
[PlyCount "37"]
[EventDate "2018.01.23"]
[EventType "swiss"]
[EventRounds "10"]
[EventCountry "GGB"]
[SourceTitle "CBM 183"]
[Source "ChessBase"]
[SourceDate "2018.03.14"]
[SourceVersion "1"]
[SourceVersionDate "2018.03.14"]
[SourceQuality "1"]

1. e4 c5 2. Nc3 a6 3. g3 Nc6 4. Bg2 Nf6 5. d3 Nd4 6. f4 d6 7. h3 g6 8. Nf3 Bg7 9. g4 Nxf3+ 10. Qxf3 e5 11. f5 Qb6 12. g5 Nh5 13. Nd5 Qc6 14. 0-0 Bd7 15. Bd2 b6 16. fxg6 fxg6 17. Qf7+ Kd8 18. Bf3 Rf8 19. Qe7+ 1-0

[Event "Gibraltar Challengers-A"]
[Site "Caleta"]
[Date "2018.01.26"]
[Round "5"]
[White "Ansari, Athar"]
[Black "Burke, Mitchell R"]
[Result "0-1"]
[WhiteElo "1919"]
[BlackElo "1989"]
[PlyCount "120"]
[EventDate "2018.01.22"]
[EventType "swiss"]
[EventRounds "5"]
[EventCountry "GGB"]
[SourceTitle "EXT 2019"]
[Source "ChessBase"]
[SourceDate "2018.10.10"]
[SourceVersion "1"]
[SourceVersionDate "2018.10.10"]
[SourceQuality "1"]

1. e4 g6 2. Bc4 Bg7 3. Nc3 c5 4. Nf3 d6 5. h3 Nf6 6. d4 cxd4 7. Nxd4 0-0 8. Be3 Nc6 9. Qd2 Bd7 10. 0-0 Rc8 11. Nxc6 Bxc6 12. Bd3 a6 13. Bh6 b5 14. Bxg7 Kxg7 15. Qe3 Qd7 16. e5 dxe5 17. Qxe5 Qc7 18. Rfe1 Qxe5 19. Rxe5 e6 20. a4 Nd7 21. Re3 Rb8 22. axb5 axb5 23. Be4 Rfc8 24. Bxc6 Rxc6 25. Ra7 Nf6 26. b4 Rc4 27. Ne2 Rxb4 28. Rxe6 Ra4 29. Rxa4 bxa4 30. Ra6 Rb1+ 31. Kh2 Rb2 32. Nd4 Rb4 33. c3 Rc4 34. f3 Nd5 35. Ne2 Ne3 36. Kg3 Nc2 37. Nd4 Nxd4 38. cxd4 Rxd4 39. f4 Rd3+ 40. Kh4 Rd4 41. Kg4 Rb4 42. Ra7 h5+ 43. Kg5 h4 44. f5 gxf5 45. Kxf5 Kf8 46. Kf6 Ke8 47. Ra8+ Kd7 48. Kxf7 Kc6 49. Kf6 Kc5 50. Kg5 Rc4 51. Rb8 a3 52. Rb3 Ra4 53. Rxa3 Rxa3 54. Kxh4 Kd6 55. g3 Ke6 56. Kg4 Kf6 57. h4 Kg6 58. Kf4 Ra4+ 59. Kf3 Kh5 60. Kg2 Kg4 0-1